| Tag |
First Indicator |
Second Indicator |
Subfields |
| LEADER |
00000cas a22000007a 4500 |
| 001 |
in00002121021 |
| 005 |
20151103061926.0 |
| 006 |
m d |
| 007 |
cr cn--------- |
| 008 |
030505d19551962nyubr1pss 0 a0eng d |
| 010 |
|
|
|a 2005215254
|
| 022 |
0 |
|
|a 1558-3643
|y 0096-1973
|
| 029 |
1 |
|
|a OCLCS
|b 134164
|
| 030 |
|
|
|a IRAPAG
|
| 035 |
|
|
|a (OCoLC)ocm52179655
|
| 037 |
|
|
|b IEEE Service Center, 445 Hoes Lane, PO Box 1331, Piscataway, NJ 08855-1331
|
| 040 |
|
|
|a HNK
|c HNK
|d OCLCQ
|d NSD
|d VRC
|d TXA
|d UtOrBLW
|
| 042 |
|
|
|a nsdp
|a lcd
|
| 049 |
|
|
|a TXAM
|
| 050 |
1 |
0 |
|a TK7800
|b .I2 Electronic
|
| 082 |
1 |
0 |
|a 621.3
|
| 110 |
2 |
|
|a Institute of Radio Engineers.
|b Professional Group on Antennas and Propagation.
|
| 210 |
0 |
|
|a IRE trans. antennas propag.
|b (Online)
|
| 222 |
|
0 |
|a IRE transactions on antennas and propagation
|b (Online)
|
| 240 |
1 |
0 |
|a IRE transactions on antennas and propagation (Online)
|
| 245 |
1 |
0 |
|a IRE transactions on antennas and propagation.
|
| 246 |
3 |
0 |
|a Transactions on antennas and propagation
|
| 246 |
1 |
|
|i Also known as:
|a Antennas and propagation, IRE transactions on
|
| 246 |
3 |
|
|a Institute of Radio Engineers transactions on antennas and propagation
|
| 246 |
3 |
|
|a I.R.E. transactions on antennas and propagation
|
| 264 |
|
1 |
|a [New York, N.Y.] :
|b IEEE,
|c [2003]
|
| 264 |
|
4 |
|c ©2003
|
| 310 |
|
|
|a Bimonthly
|
| 336 |
|
|
|a text
|b txt
|2 rdacontent
|
| 337 |
|
|
|a computer
|b c
|2 rdamedia
|
| 338 |
|
|
|a online resource
|b cr
|2 rdacarrier
|
| 362 |
0 |
|
|a Vol. AP-3, no 2 (Apr. 1955)-v. AP-10, no. 6 (Nov. 1962).
|
| 500 |
|
|
|a Title from cover.
|
| 500 |
|
|
|a Latest issue consulted: Volume 10, issue 6 (Nov. 1962) (viewed IEEE Xplore website Sept. 27, 2005).
|
| 530 |
|
|
|a Also issued in print.
|
| 538 |
|
|
|a Mode of access: World Wide Web.
|
| 500 |
|
|
|a Electronic resource.
|
| 650 |
|
0 |
|a Radio
|v Periodicals.
|
| 650 |
|
0 |
|a Radio
|x Antennas
|v Periodicals.
|
| 650 |
|
0 |
|a Antennas (Electronics)
|v Periodicals.
|
| 650 |
|
0 |
|a Radio waves
|v Periodicals.
|
| 710 |
2 |
|
|a Institute of Electrical and Electronics Engineers.
|
| 776 |
1 |
|
|a Institute of Radio Engineers. Professional Group on Antennas and Propagation.
|t IRE transactions on antennas and propagation
|x 0096-1973
|w (DLC)sn 80000246
|w (OCoLC)2007254
|
| 780 |
0 |
0 |
|t Transactions of the IRE Professional Group on Antennas and Propagation (Online)
|w (OCoLC)51807217
|
| 785 |
0 |
0 |
|t IEEE transactions on antennas and propagation (Online)
|x 1558-2221
|w (DLC) 2005215237
|w (OCoLC)44459909
|
| 948 |
|
|
|a cataloged
|b h
|c 2006/4/18
|d c
|e pbump
|
| 994 |
|
|
|a C0
|b TXA
|
| 999 |
|
|
|a MARS
|
| 999 |
f |
f |
|s 366b305c-861b-38ad-92ee-b13e191c22d5
|i f868e0f2-bbb4-3e33-a5a1-c6e049e1b117
|t 0
|
| 952 |
f |
f |
|a Texas A&M University
|b College Station
|c Electronic Resources
|d Available Online
|t 0
|e TK7800 .I2
|g Electronic
|h Library of Congress classification
|
| 998 |
f |
f |
|a TK7800 .I2
|t 0
|l Available Online
|